Регионална библиотека "Любен Каравелов" - Русе

Дневници (Запис номер 931)

MARC детайли
000 -Лидер
Контролно поле с фиксирана дължина 01189nam a2200325 c 4500
003 - Код на организацията, давaща контролен номер
Контролно поле BLK
005 - Дата и час на последна редакция
Контролно поле 20180420213302.0
008 - Елементи от данни с фиксирана дължина
fixed length control field 180412b bul|||||r ||||||| ||bul||
010 ## - Наследен системен номер
LC control number KNG00001655000
020 ## - Международен стандартен номер на книга ISBN
Международен стандартен номер на книга ISBN 954-607-003-3
-- издат.: Лик
040 ## - Източник на каталожния запис
Идентификатор на билиотеката - собственик на записа BLK
041 ## - Код за език
Код за езика на текст/звукозапис или на отделно заглавие Български
Код за езика КДБФ Български
080 ## - УДК
Текстов определител УДК Австрийска литература
УДК код - определител по УДК 821.112(436)
УДК определител -8
УДК - код + определител 821.112(436)-8
100 1# - Редна дума - Автор
Автор Кафка, Франц
Авторска отговорност първи автор
R(LIN) 77682
139 ## - Редно поле
Редна дума Кафка, Франц
Авторски знак Кау - К 47
245 10 - Сведения за заглавието
Заглавие Дневници
Редно поле (дума) Франц Кафка; състав. и прев. от нем. Надежда Дакова.
257 ## - Страна на издаване
Страна на създаване/издаване Австрия
260 ## - Област на издателските данни
-- София
Име на издателя, разпространителя и проч. Лик
Година на издаване 1993
300 ## - Физическа характеристика
Страници 168 с.
Размери/Мащаб 16 см
380 ## - Жанр
Жанр Худож. лит.
490 1# - СЕРИИ (Колекции)
Име на серия Библиотека Касталия
№: серия 4
500 ## - Общи забележки
Забележка Съдържа и Франц Кафка : Кратка биогр. - 1 900 тир.
653 ## - Ключова дума – ненормативна
Ключова дума дневници
700 1# - Други автори (авторска отговорност)
Лично име Дакова, Надежда
Автороска отговорност (Описва отношението между автора и произведението) състав. и прев. от нем.
9 (RLIN) 243303
852 ## - Местоположение
Форматна сигнатура Цб І 27057
856 4# - Електронен адрес и достъп
Електронен формат pdf - файл
Път до файла /url/
856 4# - Електронен адрес и достъп
Електронен формат pdf - файл
Път до файла /url/
942 ## - АРТИКУЛИ
Вид на библиотечния материал Книги
Скрит в OPAC Не
944 ## - СЪЗДАВАНЕ И РЕДАКЦИЯ на ЗАПИСА
Създаване/Редакция Създаване
Дата на регистрацията/редакция 15.01.2003
Служител, извършил регистрацията/редакцията Теодора_Стоянова
944 ## - СЪЗДАВАНЕ И РЕДАКЦИЯ на ЗАПИСА
Създаване/Редакция Редакция
Дата на регистрацията/редакция 26.10.2016
Служител, извършил регистрацията/редакцията Кети_Илиева
999 ## - СИСТЕМНИ КОНТРОЛНИ НОМЕРА
Koha biblionumber 931
Koha biblioitemnumber 931
Наличности
Код за отписване Код за изгубен артикул Код за повреда Коз за рестрикции Код за отдаване Артикулен № Име на библиотеката - собственик Име на библиотеката, в която се намира в момента Статус (Текущо местоположение) Дата на вписване в системата Местоположение - отдел Цена в лева Инвентарен номер Систематично азбучна сигнатура Баркод Номер на екземпляра Цена в евро Служебна бележка Служебен тип на артикула Източник на класификационната схема
  Не е изгубен Не е повреден без рестрикции ползва се в читалня 1943 Регионална библиотека "Любен Каравелов" Русе Регионална библиотека "Любен Каравелов" Русе Хранилище 1993-01-01 Хранилище 0.00 601718 Цб І 27057 601718 1 0.00 Вид: Сф Дата: 01.01.1993 Книги  
Изтеглен Не е изгубен Не е повреден без рестрикции заемане за дома 1944 Регионална библиотека "Любен Каравелов" Русе Регионална библиотека "Любен Каравелов" Русе Заемна - подръчен фонд 1993-01-01 Заемна - подръчен фонд 0.20 602595 П 830-8/К 47 602595 2 0.10 Вид: Сф Дата: 01.01.1993 Книги Universal Decimal Classification
Изтеглен Не е изгубен Не е повреден без рестрикции заемане за дома 1945 Регионална библиотека "Любен Каравелов" Русе Регионална библиотека "Любен Каравелов" Русе Заемна - подръчен фонд 1993-01-01 Заемна - подръчен фонд 0.20 602596 П 830-8/К 47 602596 3 0.10 Вид: Сф Дата: 01.01.1993 Книги Universal Decimal Classification
Vip Innovations Ltd, Rousse, Bulgaria 2025